Guess the Harry Potter character by emoji - Statistics

General Stats
  • This quiz has been taken 30 times
    10 since last reset
  • The average score is 4 of 10
Answer Stats
Emoji Answer % Correct
๐Ÿคช๐Ÿง‘๐Ÿปโ€๐ŸฆฐโŒ๐Ÿ‘‚๐Ÿช„ George Weasley
86%
๐Ÿ‘ฉ๐Ÿฝโ€๐Ÿฆฑ๐Ÿง ๐Ÿ“•๐Ÿ“—๐Ÿ“˜๐Ÿ“™๐Ÿช„ Hermione Granger
86%
๐Ÿง™๐Ÿฝโ€โ™€๏ธ๐Ÿ”ฎ๐Ÿ™„๐Ÿช„ Sybil Trelawny
57%
๐Ÿช„๐Ÿ๐Ÿ Draco Malfoy
43%
๐Ÿ‘ฉ๐Ÿผโ€๐ŸŽค๐Ÿช„๐Ÿคช๐Ÿ˜œ๐Ÿ’๐Ÿบ Nymphadora Tonks
43%
๐Ÿ”ช๐Ÿ‘ฉ๐Ÿปโ€๐Ÿฆฑ๐Ÿช„โ˜ ๏ธ๐Ÿ–๐Ÿป Bellatrix Lestrange
29%
๐Ÿช„โ˜ ๏ธโœ‹๐Ÿป๐Ÿง”๐Ÿปโ€โ™€๏ธ Severus Snape
29%
๐Ÿช„๐Ÿงฟ๐Ÿ‘๐Ÿชต๐Ÿง™๐Ÿป Mad eye moody/ Alastor moody
14%
๐Ÿ‘ฉ๐Ÿป๐Ÿฆ…๐Ÿคฉ๐Ÿง  Cho Chang
0%
๐Ÿงน๐Ÿช„๐Ÿง‘๐Ÿป๐Ÿ‰๐Ÿ‰๐Ÿˆ๐ŸŽพ Viktor Krum
0%
No matching quizzes found
Score Distribution
Percent of People with Each Score
Percentile by Number Answered
Your Score History
You have not taken this quiz since the last reset